The radio amateur's handbook

Guardat en:
Dades bibliogràfiques
Autor corporatiu: American Radio Relay League (Autor)
Format: Llibre
Idioma:anglès
Publicat: West Hartford American Radio Relay League 1962
Edició:39a. ed
Matèries:
Etiquetes: Afegir etiqueta
Sense etiquetes, Sigues el primer a etiquetar aquest registre!

MARC

LEADER 00000nam a2200000 a 4500
001 UCU5952
003 CL-VaPUC
008 960614e19620000US |||||||||||||||||eng|d
082 0 4 |a 621.382  |b AME  |2 21 
110 2 |a American Radio Relay League  |e author  |9 364057 
245 1 4 |a The radio amateur's handbook 
250 |a 39a. ed 
300 |a 590 p 
942 |c BK 
945 |d 19960614 00:00:00  |a cmena 
260 |a West Hartford  |b American Radio Relay League  |c 1962 
650 7 |a COMUNICACIONES POR RADIO  |2 CL-VaPUC  |9 364058 
650 0 |a Circuitos eléctricos   |9 260262 
650 0 |a Electricidad  |9 260222 
650 0 |a Propagación de ondas  |9 263256 
650 7 |a FRECUENCIAS  |2 CL-VaPUC  |9 360857 
650 7 |a LONGITUD DE ONDA  |2 CL-VaPUC  |9 360856 
650 0 |a Voltaje   |9 362861 
650 0 |a Amplificadores   |9 338119 
650 0 |a Ondas de radio  |9 263255 
583 |a last modification  |c 19960614 00:00:00  |k Rodrigo Vera 
999 |c 249083  |d 249081 
952 |0 0  |1 0  |4 0  |6 621_382000000000000_AME_1962  |7 0  |8 A  |9 266114  |a BIBING  |b BIBING  |d 2019-11-19  |i 1688723  |o 621.382 AME 1962  |p 1688723  |r 2025-01-20  |w 2019-11-19  |y BK  |k EIE